25 Most populated US states - Sudden death - Statistics

General Stats
  • This quiz has been taken 54 times
  • The average score is 12 of 25
Answers on the Grid
Answers color-coded by a green-red scale on the quiz's grid according to % correct below.
Alabama
Alaska
Arizona
Arkansas
California
Colorado
Connecticut
Delaware
Florida
Georgia
Hawaii
Idaho
Illinois
Indiana
Iowa
Kansas
Kentucky
Louisiana
Maine
Maryland
Massachusetts
Michigan
Minnesota
Mississippi
Missouri
Montana
Nebraska
Nevada
New hampshire
New jersey
New mexico
New york
North carolina
North dakota
Ohio
Oklahoma
Oregon
Pennsylvania
Rhode island
South carolina
South dakota
Tennessee
Texas
Utah
Vermont
Virginia
Washington
West virginia
Wisconsin
Wyoming
 
Answer Stats
Answer % Correct
#1 California
92%
#3 Florida
92%
#6 Illinois
77%
#2 Texas
74%
#8 Georgia
69%
#5 Pennsylvania
69%
#4 New york
67%
#9 North carolina
64%
#10 Michigan
62%
#7 Ohio
59%
#14 Arizona
49%
#16 Massachusetts
49%
#13 Washington
49%
#11 New jersey
44%
#18 Missouri
41%
#12 Virginia
41%
#20 Colorado
38%
#17 Indiana
38%
#22 Minnesota
38%
#15 Tennessee
33%
#19 Maryland
28%
#21 Wisconsin
28%
#23 South carolina
23%
#24 Alabama
13%
#25 Louisiana
8%
No matching quizzes found
Score Distribution
Percent of People with Each Score
Percentile by Number Answered
Your Score History
You have not taken this quiz